[Event "FRA-chT3 01"]
[Site "France"]
[Date "2001.03.11"]
[Round "7"]
[White "Guevel, Mikael"]
[Black "Rivoalan, Elodie"]
[Result "1/2-1/2"]
[WhiteElo "1440"]
[BlackElo "1620"]
[PlyCount "75"]
[EventDate "2001.??.??"]
[EventType "team"]
[EventRounds "9"]
[EventCountry "FRA"]
[SourceTitle "EXT 2002"]
[Source "ChessBase"]
[SourceDate "2001.11.25"]
[SourceVersion "1"]
[SourceVersionDate "2001.11.25"]
[SourceQuality "1"]
[WhiteTeam "Brest"]
[BlackTeam "Guingamp"]
[WhiteTeamCountry "FRA"]
[BlackTeamCountry "FRA"]

1. e4 e5 2. Nf3 Nc6 3. d4 exd4 4. Nxd4 Nf6 5. Nxc6 bxc6 6. e5 Nd5 7. c4 Nb6 8. g3 Bb7 9. b3 d5 10. exd6 cxd6 11. Qe2+ Qe7 12. Qxe7+ Bxe7 13. Bb2 0-0 14. Bg2 Rfe8 15. 0-0 d5 16. cxd5 Nxd5 17. Nc3 Bb4 18. Nxd5 cxd5 19. a3 Ba5 20. b4 Re2 21. bxa5 Rxb2 22. Rfb1 Rxb1+ 23. Rxb1 Bc6 24. Rc1 Bb7 25. Rc7 Rb8 26. Rd7 Bc6 27. Rd6 Rb1+ 28. Bf1 Be8 29. Rxd5 Kf8 30. Rc5 Ra1 31. Kg2 Rxa3 32. a6 Ra1 33. Rc7 g6 34. Be2 Ra2 35. Bf1 Ra1 36. Be2 Ra2 37. Bf1 Ra5 38. Be2 1/2-1/2

[Event "FRA-chT3 01"]
[Site "France"]
[Date "2001.01.14"]
[Round "5"]
[White "Guevel, Mikael"]
[Black "Raimbault, Frederic"]
[Result "0-1"]
[WhiteElo "1410"]
[BlackElo "1759"]
[PlyCount "95"]
[EventDate "2001.??.??"]
[EventType "team"]
[EventRounds "9"]
[EventCountry "FRA"]
[SourceTitle "EXT 2002"]
[Source "ChessBase"]
[SourceDate "2001.11.25"]
[SourceVersion "1"]
[SourceVersionDate "2001.11.25"]
[SourceQuality "1"]
[WhiteTeam "Brest"]
[BlackTeam "Auray"]
[WhiteTeamCountry "FRA"]
[BlackTeamCountry "FRA"]

1. e4 e5 2. Nf3 Nc6 3. d4 exd4 4. Nxd4 Bc5 5. Be3 Nxd4 6. Bxd4 Bxd4 7. Qxd4 Qf6 8. Qxf6 Nxf6 9. Nc3 0-0 10. f3 a6 11. 0-0-0 d6 12. Bc4 Be6 13. Nd5 Nxd5 14. Bxd5 Bxd5 15. Rxd5 Rfe8 16. Rhd1 b5 17. c4 bxc4 18. R1d4 c3 19. bxc3 Kf8 20. Rc4 Ra7 21. Ra5 c5 22. Ra3 f6 23. Rb3 Ke7 24. Ra4 Kd7 25. Rb2 g6 26. Kd2 Kc7 27. Ra3 a5 28. Rab3 a4 29. Rb5 h5 30. Kd3 g5 31. h3 g4 32. hxg4 hxg4 33. fxg4 Rg8 34. Rf2 Rxg4 35. c4 Rg3+ 36. Kd2 Ra8 37. Rb2 Re8 38. Re2 f5 39. Ke1 fxe4 40. Kf2 Reg8 41. Kg1 R8g4 42. Kh2 Rc3 43. Rbc2 Rh4+ 44. Kg1 Rd3 45. Rcd2 Kd7 46. Kf2 e3+ 47. Rxe3 Rxd2+ 48. Kg3 0-1